000 00612cam a2200217Ii 4500
999 _c3119
_d3119
001 3573047
003 OSt
005 20181024163944.0
008 780120s1974 ii 000 0 eng d
035 _atcgc211035
040 _aKAT
_cKAT
_dTSM
050 _aBV5082
_b.S512
082 _a233
_bS617R
100 1 _aSingh, Sundar,
_d1889-1929.
245 1 0 _aReality and Religion: Meditations on God, Man and Nature/
_cby Sadhu Sundar Singh.
260 _aMadras :
_bChristian Literature Society,
_c1925.
300 _a55 p. ;
_c18 cm.
700 1 _aParker, Arthur.
700 1 _aPārkar, E.,
_cMrs.
942 _2ddc
_cBK